| 000 | 01058nas a2200289 4500 | ||
|---|---|---|---|
| 001 | BR8806888 | ||
| 003 | BR-BrBNA | ||
| 005 | 20231205091349.0 | ||
| 007 | ta | ||
| 008 | 230509b bl.|||p| |||| 00| 00por d | ||
| 040 |
_aBR-BrBNA _bpor _cBiblioteca Nacional de Agricultura |
||
| 041 | _a(Pt) | ||
| 072 | _aP34 | ||
| 100 | 1 | _aMendes Filho, P.F. | |
| 100 | 1 | _aAlmeida, R.T. de | |
| 100 | 1 | _aVasconcelos, I. | |
| 111 | 1 |
_a17. Reuniao Brasileira de Fertilidade do Solo _cLondrina, PR (Brazil) _dJul 1986 |
|
| 245 | 1 | _aEfeito da interacao rhizobium sp., fungos MVA e fosfato no desenvolvimento de mudas de sabia, Mimosa caesalpiniaefolia Benth. | |
| 246 | 1 | _aEffect of interaction among rhizobium sp., mycorrhizal VA fungi and phosphates on growth of sabia, Mimosa caesalpiniaefolia Benth. | |
| 650 | _aSABIA | ||
| 650 | _aRHIZOBIUM | ||
| 650 | _aMICORRIZA | ||
| 650 | _aMUDA | ||
| 773 | 0 |
_tCiencia Agronomica (Brazil) _xISSN 0045-6888 _g(Dec 1986), v. 17(2) p. 49-56 _wBR8806888 |
|
| 909 |
_a202311 _bLúcia _c55 _dLúcia Elande |
||
| 942 |
_2AGRIS _n0 _cANA |
||
| 999 |
_c124603 _d124603 |
||